Constitutive criminology at work : applications to crime and justice

Αποθηκεύτηκε σε:
Λεπτομέρειες βιβλιογραφικής εγγραφής
Άλλοι συγγραφείς: Henry, Stuart (Επιμελητής έκδοσης), Milovanovic, Dragan 1948- (Επιμελητής έκδοσης)
Μορφή: Βιβλίο
Γλώσσα:English
Δημοσίευση: Albany, N.Y. : State University of New York Press, c1999
Σειρά:SUNY series in new directions in crime and justice studies
Θέματα:
Ετικέτες: Προσθήκη ετικέτας
Δεν υπάρχουν, Καταχωρήστε ετικέτα πρώτοι!

MARC

LEADER 00000nam a2200000 i 4500
001 1/79272
008 080328s1999 eng d
020 |a 0-7914-4194-6 (pbk) 
035 |l 10095923 
040 |a GR-MY-UA  |b gre  |e aacr 
041 0 |a eng 
082 0 |a 364  |2 (22) 
245 1 0 |a Constitutive criminology at work :  |b applications to crime and justice /  |c edited by Stuart Henry and Dragan Milovanovic 
260 |a Albany, N.Y. :   |b State University of New York Press,   |c c1999 
300 |a x, 322 σ.;  |c 23 εκ. 
490 1 |a SUNY series in new directions in crime and justice studies 
504 |a Βιβλιογραφία: σ. 302-305 
504 |a Ευρετήριο: σ. 309-322 
650 0 0 |a Criminology  |x Research. 
650 0 0 |a Criminology  |x Philosophy. 
650 0 0 |a Criminal justice, Administration of. 
700 1 |a Henry, Stuart.  |4 edt 
700 1 |a Milovanovic, Dragan  |d 1948-  |4 edt 
830 0 |a SUNY series in new directions in crime and justice studies 
852 |a INST  |b LESVOS  |e 20080328  |h 364 CON  |p 005100038706  |q 005100038706  |t BK  |y 0 
901 |a BIBL1-2008-1 
909 |a Λ  |b 151186 
922 |a 1ΕΛΗ  |b 200803  |c ΕΠΕΑΕΚ2/ΤΚ  |d ΠΑΠΑΣΩΤΗΡΙΟΥ 
970 |a ΓΙΑΛΑΜΑ  |b ΜΑΡΙΑ  |z 2008/03/28